[Event "EU-ch 17th"]
[Site "Gjakova"]
[Date "2016.05.23"]
[Round "11"]
[White "Jobava, Baadur"]
[Black "Wojtaszek, Radoslaw"]
[Result "1-0"]
[WhiteElo "2661"]
[BlackElo "2722"]
[Annotator "Marin,M"]
[PlyCount "113"]
[EventDate "2016.05.12"]
[EventType "swiss"]
[EventRounds "11"]
[EventCountry "KOS"]
[SourceTitle "CBM 173"]
[Source "ChessBase"]
[SourceDate "2016.07.12"]
[SourceVersion "1"]
[SourceVersionDate "2016.07.12"]
[SourceQuality "1"]

1. c4 Nf6 2. Nc3 e6 3. e4 d5 4. e5 d4 5. exf6 dxc3 6. dxc3 $5 {At grandmaster
level - a new move. Jobava's original opening experiments usually aim at
setting up sharp play, but this time he is heading straight for an apparently
dull ending.} ({The usual continuation is} 6. bxc3 Qxf6 7. d4 e5 {as, for
instance, in Vachier Lagrave,M (2757)-Wojtaszek,R (2744) Wijk aan Zee 2015 CBM
165 [Sumets,A] (1/2-1/2, 32)}) 6... Qxd1+ ({Black could keep the integrity of
his structure at the cost of misplacing his queen with} 6... Qxf6 {The
position is reminiscent of the 4.Nc3 Nxc3 5.dxc3 Petroff, sometimes followed
by a knight exchange on e5. Even though optically Black is a pawn up, the
compact white queenside mass and his freer piece play should not be
underestimated.} 7. Nf3 h6 8. Be3 Nc6 9. Be2 Bd6 10. Qc1 Qe7 11. b4 $14 {
Ungureanu,E (2325)-Markus,R (2270) Budapest 1998 (1/2-1/2, 24), Black's pieces
suddenly experience some discomfort.}) 7. Kxd1 gxf6 8. g3 {With the long
diagonal clear of knights, both sides' tendency to develop the bishops by
fianchetto is natural.} ({If} 8. Be3 b6 9. Be2 Bb7 10. Bf3 {Black is not
forced to help White's developing by taking on f3, but can continue} Nc6 11.
Ne2 {There is no better square for the knight now.} O-O-O+ 12. Kc2 {In our
main game the king went to e2, defending the slightly weaker wing.} Ne5 {
Now is a good moment to provoke the exchange since White has already made
important committments on the previous moves.} 13. Bxb7+ Kxb7 14. b3 Rg8 15. g3
Ng4 16. Raf1 Nxe3+ 17. fxe3 f5 {Dobrotka,M (2266)-Petrik,T (2532) Banska
Stiavnica 2010 (0-1, 49), with a great ending for Black.}) 8... Bd7 9. Bg2 Bc6
10. Bf3 $5 $146 ({An interesting novelty over} 10. Bxc6+ Nxc6 11. Nf3 {Van der
Auweraert,E (1976)-Lentjes,N (1946) Haarlem 2012 (1/2-1/2, 18). After Black's
somewhat cooperative move White will gain a tempo over this game.}) 10... Bxf3+
({Actually Black could play a waiting game, as his useful neutral moves are no
less numerous than White's:} 10... a5 11. Be3 Bd6 12. Kc2 a4 13. Rd1 Ra5) 11.
Nxf3 Nc6 12. Ke2 Ne5 {This looks like a small structural concession.} ({
Black probably wanted to clear the path for his c-pawn as soon as possible in
order to keep the white pawn mass under control. If} 12... O-O-O 13. Be3 Be7
14. b4 f5 15. c5 {White starts exerting at least some optical pressure.}) 13.
Nxe5 fxe5 14. f3 {Preventing Black from deploying his pawns on the optimal e4,
f5 and e6 squares.} h5 15. Be3 c5 {This must have been part of Black's initial
plan when provoking the knight exchange. For the time being this looks like
the perfect pawn setup, but in the long run having so many of them on dark
squares may prove unfavourable.} 16. h3 {The start of a minority attack
against Black's weakened kingside.} f6 17. g4 Be7 18. Rag1 Kf7 19. g5 fxg5 $6 {
From the structural point of view a risky decision.} (19... f5 {looks more
natural, keeping the integrity of the central pawns and preparing to block the
g-pawn with the king. I fail to see any constructive plan for White.} 20. g6+
Kg7 {immobilises one of the white rooks on the g-file with no chances to make
progress:} 21. Rd1 Rad8 22. Rxd8 Rxd8 23. Rg1 b6 $11 {True, Black cannot win
the pawn either:} 24. Bf2 Rf8 25. Be3 Rf6 26. Bh6+ $1) 20. Bxg5 {This offers
White pleasant play, but maybe even stronger was:} (20. Kd3 Rag8 21. Ke4 b6 {
[%csl Gc5][%cal Ge7f6]} 22. Rg2 Rg6 23. Rhg1 Rhg8 24. Kxe5 $14 {[%csl Gg5]})
20... Rhg8 {Rightly keeping the control over the g-file.} (20... Bxg5 21. Rxg5
Kf6 22. Rhg1 $14) 21. Be3 Rad8 22. a4 a5 23. Bf2 $3 {Apparently a modest move,
but actually a deep one, preparing to obtain the control over one of the open
files.} ({If} 23. Rxg8 Rxg8 24. Bf2 Rg2 25. Kf1 Rg8 {White cannot make
progress.}) 23... b6 ({Black has to permanently watch his queenside:} 23... Bg5
24. Rd1 b6 25. b4 $5 $36) 24. Rxg8 Kxg8 ({The idea of the bishop retreat to f2
is revealed after} 24... Rxg8 25. Rd1 Rg2 ({Unsurprisingly, the pure bishop
ending is bad for Black with so many pawns on dark squares:} 25... Rd8 26. Rxd8
Bxd8 27. Kd3 Kg6 28. Ke4 Bc7 29. Bg3 Kf6 30. b3 $22 {[%csl Rb6][%cal Gc7d6,
Gg3h4,Gh4d8] The bishop cannot move along the h2-b8 diagonal because of Bh4+
followed by Bd8.} Kg5 $8 31. Bxe5 Bxe5 32. Kxe5 Kh4 33. Kxe6 Kg3 $5 34. h4 $1
Kxh4 35. f4 Kg3 36. f5 h4 37. f6 h3 38. f7 h2 39. f8=Q h1=Q 40. Kd7 {In all
probability, Black should lose this queen ending}) 26. Kf1 Rh2 $2 27. Kg1 Rxh3
28. Kg2 $18 {[%csl Gh3]}) 25. Rg1+ Kf7 26. Be3 Rd7 27. Bh6 Kf6 {Black starts
experiencing problems of coordination. In principle the position should be not
that bad yet but he needs permanent accuracy in manoeuvring.} (27... Bf6 28.
Ke3 Rd8 29. Ke4 Rd7 30. Be3 Rc7 31. Rd1 Ke7 32. Rf1 (32. f4 {is premature:}
exf4 33. Bxf4 Rd7 $1) 32... Rc8 33. f4 exf4 34. Bxf4 Rc6 35. Rd1 Rc8 36. Rd6
$16) 28. Rg7 Rc7 29. Rg8 Kf5 30. Be3 Bf6 31. Rf8 Rc6 {This is an unfortunate
square for the rook.} (31... Rb7 {looks better, keeping the rook's mobility
with chances for counterplay along the g-file.}) 32. Rf7 Kg6 33. Rd7 Bg5 34.
Bf2 Kf5 35. Kd3 h4 {This is hard to understand. Why place yet another pawn on
a dark square?!} (35... Bf6 {looks still ok.}) 36. Be3 $5 {Setting a small
psychological dilemma: Should Black avoid or allow the exchange, or should he
keep the tension?!} (36. Be1 $5 {[%cal Gb2b4]} Rc8 37. Rf7+ Kg6 38. Rb7) 36...
Bf4 $2 {Natural but bad.} (36... Bxe3 $6 {is similar:} 37. Kxe3 Kf6 38. Rd8 Kf5
39. b3 Kg5 40. Ke4 Kf6 41. Rh8 $16) ({Paradoxically, with rooks on the board
Black could and should have kept the bad bishop in order to restrict the enemy
rook's activity:} 36... Bf6 37. Bd2 Rc8 $11 38. b4 $2 (38. Rd6 Rg8 $132) 38...
Rg8 $1 $17) 37. Rd8 Rc7 ({Black might have still saved the day by playing
actively:} 37... e4+ $1 38. fxe4+ Ke5 39. Rh8 Rd6+ 40. Ke2 Kxe4 41. Bxf4 Kxf4
42. Rxh4+ Kf5 $14) 38. Rf8+ Kg5 39. Bxf4+ exf4 40. Ke4 {There is very little
hope now. Both white pieces are more active than Black's and there are many
weaknesses in Black's camp.} Rd7 41. Ke5 Rd2 42. Rg8+ {The start of the black
king's agony.} Kh6 43. Kf6 Kh7 44. Rg7+ Kh8 45. Rg4 Kh7 46. Rxh4+ Kg8 47. Rg4+
Kh7 48. Rh4+ Kg8 49. Kxe6 Rxb2 50. Rxf4 Rb3 51. Ke7 $3 {Re-starting the king
hunt which in combination with the advance of the f-pawn will be decisive.}
Rxc3 52. Rg4+ Kh7 53. f4 Rxh3 54. f5 Re3+ 55. Kf8 Kh6 (55... Rf3 56. Rh4# {
[%csl Gg6,Gg7,Gg8] Oops!}) 56. f6 Kh5 57. Rg1 1-0

[Event "Norway Chess 6th+"]
[Site "Stavanger"]
[Date "2018.05.28"]
[Round "1"]
[White "Nakamura, Hikaru"]
[Black "Ding, Liren"]
[Result "1/2-1/2"]
[WhiteElo "2769"]
[BlackElo "2791"]
[Annotator "Marin,M"]
[PlyCount "73"]
[EventDate "2018.05.28"]
[EventType "tourn"]
[EventRounds "9"]
[EventCountry "NOR"]
[EventCategory "22"]
[SourceTitle "CBM 185"]
[Source "ChessBase"]
[SourceDate "2018.07.13"]
[SourceVersion "1"]
[SourceVersionDate "2018.07.13"]
[SourceQuality "1"]

1. c4 Nf6 2. Nc3 e6 3. e4 d5 4. cxd5 ({The main line is, of course,} 4. e5 {
but the game move seems to be enjoying some popularity at the top level lately.
Almost a century ago, this used to be one of Tartakower's favourite weapons.})
4... exd5 5. e5 Ne4 ({As far as I understand, White's move order is mainly
directed against the typical reaction ...d5-d4 against e4-e5. If} 5... d4 6.
exf6 dxc3 {White can make use of the fact that the exchange on d5 has cleared
the f1-a6 diagonal and the e-file with} 7. Bb5+ ({Tartakower's} 7. fxg7 cxd2+
8. Bxd2 Bxg7 {yielded him two wins in Tartakower,S-Frentz,R Paris 1933 EXT
2011 [Exelsior/Primel,D] (1-0, 35) and Tartakower,S-Halberstadt,V Paris 1953
EXT 2015 [Primel,D] (1-0, 20). But objectively, Black's free development and
control over d4 compensates for the kingside weaknesses.}) 7... c6 8. Qe2+ Be6
9. Bc4 cxd2+ ({If} 9... Qxf6 10. dxc3 Be7 11. Bxe6 Qxe6 12. Qxe6 fxe6 13. Nf3
$14 {Sjugirov,S (2673)-Shevchenko,K (2453) Moscow 2017 (1-0, 80) Black has a
shattered structure with material equality/}) 10. Bxd2 Qxf6 11. Nf3 Be7 12. O-O
Bxc4 13. Qxc4 O-O 14. Rfe1 Bd6 15. Bc3 Qh6 16. Re4 $36 {Wang,H (2701)-Van
Foreest,L (2350) Douglas 2016 (0-1, 32) with good compensation for the pawn.})
6. Nf3 ({Tartakower preferred pawn grabbing, but this is likely to offer Black
excellent compensation:} 6. Nxe4 dxe4 7. Qa4+ Nc6 (7... Bd7 8. Qxe4 Bc6 9. Qg4
Nd7 10. Nf3 Qe7 11. d4 Qb4+ 12. Bd2 Qxb2 13. Rd1 {Tartakower,S-Kottnauer,C
Venice 1949 MCL [Ftacnik,L] (1-0, 59)}) 8. Qxe4 Qd4 9. Qxd4 Nxd4 10. Bd3 Be6 {
Tartakower,S-Horne,D Hastings 1954 EXT 1999 [ChessBase] (1-0, 36)}) 6... Bf5 7.
d3 {More or less forcing Black to strengthen White's centre.} (7. d4 Bb4 8. Bd2
Bxc3 9. Bxc3 O-O 10. Be2 c5 11. dxc5 Nxc3 12. bxc3 Be4 $132 {Giri,A (2793)
-Wojtaszek,R (2741) Baku 2015 CBM 169 [Schulz,André] (1-0, 27)}) 7... Nxc3 8.
bxc3 c5 ({Black has no reason to refrain from gaining space in the centre, but
} 8... Be7 {is also playable:} 9. d4 O-O 10. Bd3 Qd7 11. O-O Nc6 12. Re1 b6 {
A somewhat mysterious move.} (12... Na5 $5) 13. Bb5 Qe6 14. Ng5 (14. Bg5 $5)
14... Bxg5 15. Bxg5 Qg6 $2 (15... Na5 $5) 16. h4 ({Missing} 16. e6 $1 $16 {
which wins an exchange.}) 16... a6 17. Be2 h6 18. Bf4 Qe6 19. h5 $14 {Kramnik,
V (2787)-Hou,Y (2680) Wijk aan Zee 2018 (½-½, 32)}) 9. d4 Qa5 $5 $146 {
A slightly provicative, but apparently viable move.} ({Black's main line
lately has been} 9... c4 {, aiming for rapid queenside counterplay.} 10. a4 ({
The original} 10. g3 Be7 11. Bg2 Bd3 12. Ng1 {aims at causing Black some
problems with defending d5. The plan is consistent but slow.} Qa5 13. Bd2 Nc6
14. Ne2 Ba3 15. O-O O-O 16. Re1 Rad8 17. Bg5 Bb2 18. Bxd8 Rxd8 19. Rc1 Bxe2 20.
Qxe2 Bxc1 21. Rxc1 Qa3 22. Qe3 b5 23. e6 f6 24. h4 Ne7 $13 {Carlsen,M (2843)
-Aronian,L (2794) Karlsruhe/Baden-Baden 2018 (½-½, 52)}) 10... Nc6 11. Be2
Be7 12. O-O O-O 13. Ne1 f6 ({The following blitz game may also deserve
mentioning:} 13... Na5 14. Nc2 Nb3 15. Ra2 Qa5 16. Bb2 f6 17. Ne3 Be6 18. exf6
Bxf6 {with reasonable play, Aronian,L (2764)-Nakamura,H (2769) Stavanger 
(blitz) 2018 (0-1, 41)}) 14. exf6 Rxf6 15. Nc2 Be4 16. Ne3 Na5 17. Ba3 Bxa3 18.
Rxa3 Qd6 19. Ra2 Raf8 20. Ng4 Re6 21. Ne5 Nc6 22. f3 Bg6 23. f4 $14 {
Tomashevsky,E (2702)-Aronian,L (2801) Germany 2018 (½-½, 31) White has
neutralised Black's counterplay and has an active cental position.}) ({I
assume that by blocking the centre Black wishes to prevent Bd3, as could
happen after a normal developing move:} 9... Nc6 10. Bd3 Bxd3 11. Qxd3 {
The bishop on f5 was not only putting pressure on the queenside but also
defending the e6-square. Now Black's position looks a bit less appealing.} Be7
12. dxc5 $5 Bxc5 13. O-O Qd7 14. Re1 Be7 15. Be3 O-O 16. Rad1 $14 {Grischuk,A 
(2767)-Nakamura,H (2787) Moscow (rapid) 2018 (½-½, 96)}) 10. Bd2 {We can
suppose that Ding's novelty was also aimed at preventing Bd3, as Nakamura's
answer is the most natural.} Nc6 ({After the queen's departure from d8,} 10...
c4 $6 {runs into} 11. Nh4 Be6 12. g3 {Preparing f4-f5 and anticipating Black's
next move.} Be7 13. Ng2 {Surely a more harmonious regrouping than Carlsen's in
the game quoted above.} Nc6 14. Nf4 {With obvious white pressure. If} Nxd4 15.
cxd4 c3 16. Rb1 {[%csl Gb4]} O-O 17. Bd3 cxd2+ 18. Qxd2 $16 {with a space
advantage and the better structure.}) 11. Be2 ({Black seems to keep his
stability after} 11. c4 Qd8 {for instance} 12. Qb3 Be6 13. Qxb7 Rc8 14. Rc1 Be7
{and White's delay in development as well as his exposed queen offers Black
good compensation for the pawn.}) 11... Be7 12. O-O O-O 13. a4 Rac8 14. Ra2 {
A typical way of escaping the bishop's domination.} a6 {I am not sure about
the usefulness of this move.} ({Black could have fought against Rb2 with} 14...
Qb6 {for instance} 15. Be3 Rfe8 $5 16. Qd2 {This will allow Rb2, but expose
the queen to Black's knight's attack.} Na5 17. Rb2 Qg6 {with very active play.}
) 15. Rb2 c4 16. Ne1 {Preparing Nc2-e3 and the massive pawn advance on the
kingside.} ({With incomplete coordination, pawn grabbing offers Black the
control over the only open file after} 16. Rxb7 Rb8 17. Rxb8 Rxb8 18. Qa1 Rb3
$132) 16... b5 $6 {Nakamura probably underestimated White's 18th move.} (16...
Rc7 {would have been better.} 17. Nc2 (17. Bg4 {is ineffective now due to} Bg6
{as after the rook lift the bishop is not pinned anymore.}) 17... Bxc2 (17...
Qxa4 {offers White strong positional compensation after} 18. Ne3 Qxd1 19. Rxd1
Be6 20. f4 f5 21. Bf3 Rd7 22. Rdb1 b5 23. Ra2 Nb8 24. Bc1 $14 {followed by Ba3,
with some sort of black paralydis.}) 18. Qxc2 b5 $132) 17. axb5 axb5 18. Bg4 $1
{We already mentioned the virtues of this exchange, even though in the quoted
game it took place differently.} Bxg4 19. Qxg4 {[%cal Gd2h6]} h5 ({This surely
looks risky, but if Black parries the threat with, say,} 19... Kh8 {White can
consolidate with} 20. Nc2 {taking measures against ...b5-b4 and preparing to
set up pressure on d5 with Ne3.}) 20. Qxh5 {It is hard to resist taking such a
pawn, of course.} ({But} 20. Qg3 {was at least as strong.} Rfe8 21. Nc2 b4 22.
cxb4 Qb6 23. Bc3 Na7 24. b5 Nxb5 25. Rfb1 Nxc3 26. Rxb6 Ne2+ 27. Kf1 Nxg3+ 28.
hxg3 $16 {[%csl Gd5]}) 20... b4 21. Qg4 $1 {Rightly maintaining the rhythm of
the attack against the weakened black kingside.} (21. cxb4 Qa3 22. Rc2 Bxb4
$132) 21... Rfe8 22. Nf3 {Now and later White has a permanent choice between
tempting continuations.} (22. e6 $5 f5 (22... bxc3 23. Bh6 Bf8 24. exf7+ Kxf7
25. Rb7+ Ne7 26. Nf3 $40) (22... fxe6 23. Qxe6+ Kh8 24. Qf5 bxc3 25. Qh3+ $16 {
[%cal Gd2c3]}) 23. Qxf5 Rf8 (23... bxc3 24. Qf7+ Kh8 25. Qh5+ Kg8 26. Bh6 Bf6
27. Bxg7 Bxg7 28. Qf7+ Kh8 29. Rb7 $18) 24. Qg4 bxc3 25. Bh6 Bf6 26. Rb7 Rc7
27. Rxc7 Qxc7 28. Nc2 $14 {The structue is unusual but White is a pawn up and
has stabilised.}) 22... Qa3 (22... bxc3 23. Bh6 Bf8 24. Re2 $36) 23. Rc2 b3 {
This pawn offers Black some hope to distract White from his systematic attack.}
24. Rcc1 {[%cal Gf3g5]} Qa2 25. Qf5 (25. h4 $5 $16 {[%cal Gh4h5]}) 25... Ra8
26. Bg5 $6 {This apparently logical move unnecessarily allows the enemy queen
to joini the defence along the second rank!} (26. e6 $5 Nd8 27. Ne5 fxe6 28.
Qg6 Rf8 29. Bh6 Bf6 30. Nd7 $16) 26... Qe2 $1 27. Qd7 (27. Rce1 Qd3 28. Qd7 {
is to a certain extent similar.}) 27... Bxg5 28. Nxg5 Ne7 29. e6 f6 30. Nf7 Ng6
$2 (30... b2 $1 31. Rb1 (31. Rce1 Qxe1 32. Rxe1 Reb8 33. g3 Ra1 $19) 31... Kf8
32. Nd6 Red8 33. Qc7 Qc2 $13) 31. Nh6+ $2 {Forcing a draw in a virtually won
position.} ({Missing} 31. Rce1 $1 Qh5 32. Nd6 {when the well defended e-pawn
causes troubles. For instance, if} Re7 {White has} 33. Nc8 $3 $18 {not the
only move but a beautiful and convincing one.}) 31... gxh6 32. Qf7+ Kh8 33.
Qxf6+ Kh7 34. Qf7+ Kh8 35. Qf6+ Kh7 36. Qf7+ Kh8 37. Qf6+ 1/2-1/2

[Event "EU-Cup 15th Gr6"]
[Site "Budapest"]
[Date "1999.10.12"]
[Round "2"]
[White "Oratovsky, Michael"]
[Black "Kruppa, Yuri"]
[Result "1/2-1/2"]
[WhiteElo "2481"]
[BlackElo "2603"]
[Annotator "Oratovsky,M"]
[PlyCount "50"]
[EventDate "1999.10.11"]
[EventType "team-k.o."]
[EventRounds "3"]
[EventCountry "HUN"]
[SourceTitle "EXT 2020"]
[Source "ChessBase"]
[SourceDate "2019.10.17"]
[SourceVersion "1"]
[SourceVersionDate "2019.10.17"]
[SourceQuality "1"]
[WhiteTeam "Petah-Tikva Elitzur"]
[BlackTeam "Alchevsk Garant-Donbass"]
[WhiteTeamCountry "ISR"]
[BlackTeamCountry "UKR"]

1. c4 Nf6 2. Nc3 e6 3. e4 d5 4. e5 d4 $8 (4... Ne4 5. Nxe4 dxe4 6. Qg4 $14 Qd4
$2 7. Nf3) (4... Nfd7 5. d4 dxc4 6. Bxc4 Nb6 7. Bb3 $14) 5. exf6 dxc3 6. bxc3
Qxf6 7. d4 c5 ({Other possibility is} 7... e5 $5 {with very complicated
position after} 8. Nf3 exd4 9. Bg5 Qe6+ 10. Be2 f6 11. Nxd4 $13) 8. Nf3 h6 {
it is more accurate than} (8... cxd4 9. Bg5 $1 Qf5 10. cxd4 Bb4+ 11. Bd2 Bxd2+
(11... Qa5 12. Rb1 Bxd2+ 13. Qxd2 Qxd2+ 14. Kxd2 $14) 12. Qxd2 $14 {[%csl Rf5]
[%cal Gf1d3]}) 9. Bd3 cxd4 10. cxd4 Bb4+ {For defensive side almost always
good to change a pair of minor pieses} (10... Nc6 11. Bb2 (11. Be4 $5) (11. O-O
$5 Nxd4 12. Nxd4 Qxd4 13. Rb1 $44 {[%csl Rg7][%cal Gc1b2]}) 11... Bb4+ 12. Kf1)
11. Bd2 ({Deserved serious attention attempt to keep darksquare bishops on the
board} 11. Kf1 $5 Nc6 (11... Bc3 12. Rb1 Bxd4 (12... O-O 13. Bc2) 13. Nxd4 Qxd4
14. Bb2 $14) 12. Bb2 Bc5 (12... O-O 13. Qe2 Qd8 14. Rd1 $36) 13. Bc2 O-O 14.
Qd3 Rd8 (14... g6 $2 15. Rb1 Bd6 16. d5 Ne5 17. Qe2 $18 {[%csl Re5][%cal Rb2f6]
}) 15. Rd1 Kf8 16. Qe4 Bd6 17. h4 $14 {Seirawan,Y-Kortschnoj,V/Wijk 1980 1-0 
(39)} (17. g3 $5 {[%cal Gf1g2]})) 11... Bxd2+ 12. Qxd2 O-O (12... Nc6 13. Qe3)
13. O-O (13. Be4 Nc6 14. Bxc6 bxc6 15. O-O c5 16. d5 exd5 17. Qxd5 Be6 $11 {
1/2-1/2 Sher,M-Saradjen,J/Bled 1994 (40)}) 13... Rd8 (13... Nc6 14. Rad1 Rd8
15. Rfe1 b6 16. d5 Na5 17. Qe3 $14 {1/2-1/2 Bisguier,A-Shipman,W/Pittsburgh
1946 (21)}) 14. Rae1 $5 $146 {[%cal Ge1e4,Ge4f4] An original idea.White has to
concentrate all pieses on a kingside,where is the only defender-black queen.} (
{Another possibility was} 14. Be4 {but after} Nc6 15. Bxc6 (15. Rfd1 Nxd4 16.
Nxd4 e5 17. Bd5 exd4 18. Rab1 Be6 $11) 15... bxc6 16. Qa5 c5 $1 {black has a
sufficient counterplay} 17. Qxc5 Bb7 18. Ne5 Qg5 19. g3 f6 20. Rab1 $8 (20. Nd3
Qg4 $15 {[%cal Gg4f3,Gg4d4]}) 20... Be4 (20... fxe5 21. Rxb7 exd4 22. Qxg5 hxg5
$13) 21. Rbe1 Qf5 22. f3 Bb7 23. Rb1 fxe5 24. Rxb7 exd4 25. Qxf5 (25. Qe7 Qf6
$15 {[%cal Gd4d3]}) 25... exf5 26. Re1 d3 27. Ree7 d2 $11) 14... Nc6 15. Re4 g6
$5 {Correct decision.After normal} (15... b6 16. Rfe1 Bb7 17. Rf4 Qe7 18. d5
Nb4 19. Bb1 $40 {whites initiative is very dangerous.}) 16. Qxh6 Nxd4 17. Nxd4
{other moves promises nothhing to white} (17. Ng5 Nf5 18. Qh7+ Kf8 $19 {
[%csl Rd3,Rg5]}) (17. Rf4 Nf5 (17... Nxf3+ 18. Rxf3 Qg7 19. Qg5 Bd7 20. h4 Bc6
21. Rg3 $14 {[%cal Gh4h5]}) 18. Bxf5 exf5 $11) 17... Rxd4 18. Rxd4 {Critical
moment of the game.After text move white has to force a draw if black finds a
few correct moves.But in the team competition simetimes draw is more valuable
than a better position!} (18. Rd1 $4 Rxd3 $19) ({The only chanse to continue
fight for an advantage was} 18. Qe3 $5 Rd8 19. h4 $36 {[%cal Gh4h5]}) 18...
Qxd4 19. Rd1 Bd7 $8 (19... Qg7 $6 20. Qxg7+ (20. Qg5 $5 Bd7 21. Be4 Ba4 (21...
Bc6 22. Bxc6 bxc6 23. Qc5 $16 {[%csl Ra7,Rc6]}) 22. Rb1 Rc8 23. Bxb7 Rxc4 24.
Ba6 Rd4 25. Rb8+ Kh7 26. g4 $1 {[%csl Rh7][%cal Gg5h4,Yb8h8]} Rd1+ 27. Kg2 Bc6+
28. f3 $18) 20... Kxg7 21. Be4 Kf6 (21... f5 $2 22. Bxb7 Bxb7 23. Rd7+ $16) 22.
f4 Ke7 23. c5 $16 {[%csl Rb7]}) 20. Bc2 (20. Be2 Qe5 21. Rxd7 Qxe2 22. h3 Qe1+
23. Kh2 Qxf2 24. Rxb7 Qd4 $15 {[%csl Rc4]}) 20... Qc3 $11 ({With the same
result is} 20... Qe5 21. Bxg6 fxg6 22. Qxg6+ Kf8 23. Qh6+ Ke8 24. Qg6+ $11) (
20... Qxc4 $2 21. Bxg6 $18) 21. Bxg6 fxg6 22. Qxg6+ Kf8 23. Qh6+ Kg8 24. Qg6+
Kh8 25. Qh6+ Kg8 1/2-1/2